000 00647nam a2200241 i 4500
001 C2-0301370
003 PPAK
005 20180728082703.0
008 091209s2009 my a|||| ||||| | may d
020 _a9789833654659
040 _aPPAK
_beng
_cPPAK
_erda
082 0 4 _a899.233
_223
090 0 0 _a899.233
_bAIN
_dK
100 0 _aAin Maisarah,
_eauthor
245 1 0 _aAku mahu ke New York (1)
264 1 _aKuala Lumpur :
_bPTS One ,
_c2009
300 _a258 pages :
_billustrations ;
_c19 cm
336 _2rdacontent
_atext
337 _2rdamedia
_aunmediated
338 _2rdacarrier
_avolume
650 1 0 _aMalay fiction
942 _ddc
_cB
999 _c105161
_d105161